الدعوة إلى الإسلام : (Record no. 6692)
[ view plain ]
| 000 -الفاتح | |
|---|---|
| حقل البيانات ثابتة الطول | 01119nam a22002535a 4500 |
| 003 - محدد رقم الضبط | |
| رقم الضبط | OSt |
| 005 - وقت وتاريخ اخر تعامل مع التسجيلة | |
| رقم الضبط | 20201124142112.0 |
| 008 - عناصر البيانات ثابتة الطول - معلومات عامة | |
| حقل البيانات ثابتة الطول | 081027s1957 ua frb 00010 bara d |
| 040 ## - مصدر الفهرسة | |
| وكالة الفهرسة الأصلية | EG-ScBUE |
| لغة الفهرسة | ara |
| وكالة النسخ | EG-ScBUE |
| 041 1# - رمز اللغة | |
| رمز لغة النص/ المسارات الصوتية أو العنوان الانفرادي | ara |
| رمز لغة الترجمات و/او الاصلية المتوسطة للنص | eng |
| 082 04 - رقم تصنيف ديوى العشرى | |
| رقم التصنيف | 297.74 |
| رقم المادة | أرن |
| رقم الطبعة | 22 |
| 245 12 - بيان العنوان | |
| العنوان | الدعوة إلى الإسلام : |
| بقية العنوان | بحث في تاريخ نشر العقيدة الإسلامية / |
| بيان المسئوليه,etc | تأليف توماس و. أرنولد ؛ ترجمة إلى العربية وعلق عليه حسن إبراهيم حسن، عبد المجيد عابدين، إسماعيل النحراوي. |
| 250 ## - بيان الطبعة | |
| بيان الطبعة | ط. 2. |
| 260 ## - PUBLICATION, DISTRIBUTION, ETC. (IMPRINT) | |
| مكان الناشر او الموزع | القاهرة : |
| اسم الناشر او الموزع | مكتبة النهضة المصرية، |
| تاريخ النشر أو التوزيع | 1957. |
| 300 ## - الوصف المادى | |
| التعداد | 514 ص. ؛ |
| أبعاد الوعاء | 24 سم. |
| 500 ## - تبصرة عامة | |
| تبصرة عامة | يشتمل علي كشاف : ص. 501-514. |
| 504 ## - تبصرة ببليوجرافية | |
| تبصرة ببليوجرافية,الخ | يشتمل على ببليوجرافية : ص. 481-500. |
| 546 ## - تبصرة اللغة | |
| تبصرة اللغة | أصل العمل مترجم من اللغة الإنجليزية. |
| 651 ## - المدخل الاضافى بالموضوع - اسم جغرافى | |
| مصدر الرأس أو المصطلح | BUEsh |
| 653 ## - مصطلح تكشيفى غير مقيد | |
| Resource For college | Arabic Literature |
| Arrived date list | August2015 |
| 655 ## - مصطلح تكشيفى-نوع/شكل | |
| التقسيم الفرعي الشكلي | Reading book |
| -- | 34232 |
| 700 1# - المدخل الاضافى - اسم شخصى | |
| الإسم الشخصى | النحراوى، إسماعيل، |
| 9 (RLIN) | 16629 |
| الدور | مترجم. |
| 942 ## - عناصر المدخل الإضافي( كوها) | |
| سابقة رقم الطلب | 297.74 أرن |
| حالة التراجع | حالة الفقد | مصدر التصنيف او خطة الترفيف | حالة تلف | ليس للاعارة | مجموعات كوها | المكان الدائم | المكان الحالي | موقع الترفيف | تاريخ الاكتساب | Source of acquisition | رقم الاستدعاء | الباركود | Date last seen | نوع الوعاء |
|---|---|---|---|---|---|---|---|---|---|---|---|---|---|---|
| Dewey Decimal Classification | Alef-Baa | Central Library | Central Library | Lower Floor | 25/07/2010 | 297.74 أرن | 000008149 | 15/07/2025 | Book - Borrowing |